Quizzes
Events
Quiz Creation
Community
Videos
Private Events
Remove Ads
Sign In
Join for FREE
Feedback
Dark Mode
Quiz Categories
Sports
Geography
Music
Movies
Television
Just For Fun
Miscellaneous
History
Literature
Language
Science
Gaming
Entertainment
Religion
Holiday
For Kids
Quiz Lab
Recent
Popular Today
Quiz Kudos Today
Editor Picks
Curator Picks
Quizzes by...
Day
Popularity
Type
Ratings
Length
Year
Community
Subscriptions
Recent Discussions
Orange Saloon
Badges
Playlists
Quests
Create
Leaderboards
Showdown
Live 5
Trivia Bingo
Activity
Puzzle Library
Sporcle Events
Private Events
Virtual Trivia
Globe League
Become a Host
Pub Owners
SporcleCon
Opinionation
Our Games
Videos
Blog
Mobile Apps
Partnerships
Remove Ads and Go Orange
Feedback
Music
Pop Music
The Beatles
Song
Album
Lyrics
Bands
Singers
Artist
Clip
Rock
Rap
Classical
Billboard
Country Music
Kpop
Taylor Swift
Music
Pop Music
The Beatles
Song
Album
Lyrics
Bands
Singers
Artist
Clip
Rock
Rap
Classical
Billboard
Country Music
Kpop
Taylor Swift
Random Quiz
Search Sporcle
×
Quiz Lab
Quiz Lab
Music
Artist
Type in answers that appear in a list
Type in answers that appear in a list
Classic
Best Score? Go Orange.
UK #1s 2007-2013 Stats
Can you name the singles that reached #1 on the UK Singles Chart (2007-2013)?
By
Bray
20m
172 Questions
249 Plays
249 Plays
249 Plays
Comments
Comments
Give Quiz Kudos
Give Quiz Kudos
-
- Ratings
hide this ad
Replay
Link that replays current quiz
Next Quiz
Link to next quiz in quiz playlist
You Got
0%
They Got
Avg Score
49%
Avg Friend Score
Upgrade to see
Score Distribution
Jump to the score distribution portion of the page
Score
0/172
Timer
20:00
0
Plays Today
Year
Song
% Correct
2007
Umbrella
78.7%
2007
Bleeding Love
73.1%
2011
What Makes You Beautiful
72.3%
2008
Run
70.7%
2009
Just Dance
70.7%
2008
I Kissed A Girl
68.7%
2009
Poker Face
68.7%
2009
Bad Romance
66.7%
2011
Someone Like You
66.3%
2011
We Found Love
65.9%
2008
The Promise
65.1%
2008
Hallelujah
65.1%
2012
Impossible
65.1%
2009
Boom Boom Pow
64.3%
2009
The Climb
63.9%
2007
When You Believe
63.5%
2009
I Gotta Feeling
63.1%
2011
Cannonball
63.1%
2012
Wings
61.8%
2007
Shine
61%
2009
Fight For This Love
60.6%
2008
If I Were A Boy
60.2%
2009
Beat Again
60.2%
2012
Sing
60.2%
2010
Telephone
59.4%
2010
California Gurls
59.4%
2012
Somebody That I Used To Know
59.4%
2012
Call Me Maybe
59.4%
2012
Diamonds
59%
2013
Scream & Shout
59%
2011
Glad You Came
58.6%
2007
Stronger
58.2%
2009
Run This Town
57.8%
2012
We Are Young
57.8%
2009
Killing In The Name
57%
2010
Pass Out
57%
2008
Hero
56.6%
2009
Right Round
56.6%
2009
Bad Boys
56.6%
2008
Take A Bow
56.2%
2012
Little Things
56.2%
2007
Grace Kelly
55.8%
2010
Only Girl (In The World)
55.8%
2011
What's My Name?
55.8%
2011
Grenade
55.8%
2012
Gangnam Style
55.8%
2008
Greatest Day
55.4%
2009
Sexy Bitch
55.4%
2010
Just The Way You Are
55.4%
2010
When We Collide
55.4%
2012
Candy
55.4%
2010
Promise This
55%
2011
Heart Skips A Beat
55%
2007
About You Now
54.6%
2008
Viva La Vida
54.6%
2009
The Fear
54.6%
2012
Paradise
53.4%
2007
Walk This Way
53%
Year
Song
% Correct
2009
Everybody In Love
53%
2011
Price Tag
53%
2012
Call My Name
53%
2008
So What
52.2%
2009
Meet Me Halfway
52.2%
2010
The Club Is Alive
52.2%
2012
Titanium
52.2%
2007
The Way I Are
51.8%
2008
Dance Wiv Me
51.8%
2012
Troublemaker
51.8%
2007
Ruby
51.4%
2010
All Time Low
51.4%
2012
Good Feeling
51.4%
2012
Young
51.4%
2008
American Boy
51%
2008
Sex On Fire
51%
2009
Bonkers
51%
2009
Holiday
51%
2008
Mercy
50.6%
2012
Part Of Me
50.6%
2011
Give Me Everything
50.2%
2012
R.I.P.
49.8%
2008
4 Minutes
49.4%
2009
When Love Takes Over
49.4%
2010
Please Don't Let Me Go
49.4%
2012
He Ain't Heavy, He's My Brother
49.4%
2009
Mama Do (Uh Oh, Uh Oh)
49%
2011
She Makes Me Wanna
49%
2011
Party Rock Anthem
48.6%
2012
Domino
48.6%
2007
Beautiful Liar
48.2%
2010
Airplanes
48.2%
2010
Written In The Stars
48.2%
2009
Bulletproof
47.8%
2011
Swagger Jagger
47.8%
2007
Give It To Me
47.4%
2010
Replay
47.4%
2010
The Time (Dirty Bit)
47.4%
2009
My Life Would Suck Without You
47%
2009
Boys And Girls
47%
2010
Nothin' On You
47%
2013
Thrift Shop
46.9%
2009
Number 1
46.6%
2007
Beautiful Girls
46.2%
2012
Don't You Worry Child
46.2%
2010
Heroes
45.8%
2011
On The Floor
45.8%
2011
The Lazy Song
45.4%
2011
Dance With Me Tonight
45.4%
2013
Get Up (Rattle)
45.4%
2007
With Every Heartbeat
45%
2010
Start Without You
45%
2012
Payphone
45%
2012
How We Do (Party)
45%
2007
What A Wonderful World
44.2%
2009
Evacuate The Dancefloor
44.2%
2007
I'm Gonna Be (500 Miles)
43.8%
2009
I'm Not Alone
43.8%
Year
Song
% Correct
2009
You Are Not Alone
43.4%
2011
We R Who We R
43.4%
2008
Now You're Gone
43%
2008
Closer
43%
2011
Read All About It
43%
2012
This Is Love
43%
2012
Beneath Your Beautiful
43%
2012
Sweet Nothing
42.2%
2010
F**k You
41.8%
2009
Break Your Heart
41.4%
2010
Club Can't Handle Me
41.4%
2010
In My Head
41%
2011
All About Tonight
41%
2010
Once
40.6%
2011
Wherever You Are
40.6%
2012
Hot Right Now
40.6%
2012
Spectrum
40.6%
2010
Fireflies
40.2%
2010
OMG
40.2%
2010
Dynamite
40.2%
2011
Wishing On A Star
40.2%
2008
That's Not My Name
39.8%
2009
(Barry) Islands In The Stream
39.8%
2010
Love You More
39.8%
2012
Bom Bom
39.8%
2010
Dirtee Disco
39.4%
2010
Shout
39.4%
2011
Don't Hold Your Breath
39.4%
2007
Baby's Coming Back
39%
2008
All Summer Long
39%
2010
Beautiful Monster
39%
2011
Loca People
39%
2012
Turn Up The Music
38.6%
2012
The Power Of Love
38.6%
2010
Everybody Hurts
38.2%
2011
Louder
37.8%
2012
Feel The Love
37.8%
2010
Green Light
36.9%
2010
Good Times
36.1%
2011
Promises
35.7%
2011
Don't Wanna Go Home
34.9%
2011
No Regrets
34.9%
2008
Singin' In The Rain
34.5%
2009
Never Leave You
34.5%
2010
Gettin' Over You
34.5%
2012
Let Me Love You (Until You Learn To Love Yourself)
33.7%
2012
Hall Of Fame
33.7%
2010
We No Speak Americano
33.3%
2011
Changed The Way You Kiss Me
33.3%
2012
Twilight
33.3%
2011
Stay Awake
32.5%
2012
Heatwave
30.9%
2010
This Ain't A Love Song
30.1%
2009
Oopsy Daisy
29.7%
2011
Don't Go
28.1%
2009
The Official BBC Children In Need Medley
22.5%
Quiz Playlist
Details
Report
Send in Message
Add To Playlist
Classic:
Type in answers that appear in a list
Last Updated: Feb 16, 2017
Quiz Scoreboard
CHALLENGE
Sign Up to Join the Scoreboard
Show All
Scores
Hide
Comments
May contain spoilers
Recently Published
College Basketball Coaching Resumes
by pancakes188
Sports
9m
Billboard Blitz: Fleetwood Mac
by CooCooCachoo
Music
15s
Presidents Visiting Landmarks
by Hejman
History
7m
More to Explore
Quiz From the Vault
Featured Blog Post
Where Did the Easter Bunny Come From?
hide this ad
You Might Also Like...
Tags
Artist Quiz
Song Quiz
#1s
chart
Single
UK Singles
Today's Top Quizzes in Music
Browse Music
hide this ad
Today's Top Quizzes in Artist
Browse Artist
Top Contributed Quizzes in Music
1
Taylor Swift All Songs (2024)
2
Guess the Artist- 70s Songs
3
7-to-1: Billboard Hot 100 #1 Hits of 2010s
4
Sorting Albums and Songs
5
Taylor Swift Logic Puzzle
6
KPOP LOGIC QUIZ
7
Guess the Taylor Swift song (Mystery Song)
8
One Thing in Common: Music
9
2010s Album by Cover III
10
Guess The Taylor Swift Lyrics Song #1
Explore More
Trending Topics
Kpop
Anime
Crossword
Marvel
Disney
Harry Potter
NBA
WWE
The Office
Country
Soccer
Pokémon
Puzzle
NFL
Song
hide this ad
More By:
Bray
Quiz
Plays
Rating
Category
Featured
Created
1st Integer with the Letter...
156,188
3.89
Just For Fun
Nov 7, 2009
Unique 2 Letter Combo Countries
132,077
4.58
Geography
Jan 9, 2010
Number 1-100 (Roman Numerals)
123,054
4.42
Science
Oct 28, 2009
0.999... The Truth!
5,922
1.92
Science
Oct 28, 2009
Capitals with unique 2 letter combos
1,319
4.47
Geography
Jan 15, 2010
Go to Creator's Profile
Score Distribution
Quiz Creator Spotlight
Bray
Follow
Send a Message
Quizzes Created
-
Created Quiz Play Count
-
More By This Creator
Popular Quizzes Today
1
Find the US States - No Outlines Minefield
2
Find the Countries of Europe - No Outlines Minefield
3
The Countries of the World
4
Find the US States
5
Risky Map Clicking: Biggest States A-Z
6
US States
7
Popular People in 1961
8
Movies - When Are They Set?
More Music Quizzes
Artists on Billboard Year-End Hot 25 singles of 2019
Quiz Lab
Trending Quizzes
Risky Map Clicking: Least Populous States A-Z
1-10 Letter G Words
1-10 Letter F Words
Risky Map Clicking: Next State Alphabetically
Risky Map Clicking: Biggest States A-Z
Recently Updated
Leaping Animals
pecheneg
Reality TV Shows (A-Z)
bhenderson79
Rickey Henderson's Hall of Fame Teammates
pecheneg
Champions League XIs: Arsenal
pecheneg
Quick Pick: Celebrities in WWE's Hall of Fame
aduchscher
A-Z Keypad Blitz II
pecheneg
Multiple Oscar Actors
pecheneg
Mystery Phrase Blitz: Oscar 'Best Actors'
pecheneg
F. Scott Fitzgerald Novels
LTH
Pick 3 Villains
ddd62291
Trending Topics
Anime
Marvel
Crossword
Kpop
Harry Potter
NBA
Disney
NFL
Country
WWE
Song
The Office
Puzzle
Pokémon
Soccer
Your Account Isn't Verified!
In order to create a playlist on Sporcle, you need to verify the email address you used during registration. Go to your
Sporcle Settings
to finish the process.
Report this User
Report this user for behavior that violates our
Community Guidelines
.
Details:
Send Report
Go to the Sporcle.com Mobile Site →
Comments